[Event "Seville City-ch Blitz"]
[Site "Seville"]
[Date "2023.02.28"]
[Round "7"]
[White "Exposito Portillo, Joaquin"]
[Black "Alcaraz Zambrano, Manuel"]
[Result "1-0"]
[WhiteElo "2048"]
[BlackElo "1523"]
[PlyCount "83"]
[EventDate "2023.02.28"]
[EventType "swiss (blitz)"]
[EventRounds "10"]
[EventCountry "ESP"]
[SourceTitle "CBM 213 Extra"]
[Source "ChessBase"]
[SourceDate "2023.05.31"]
[SourceVersion "1"]
[SourceVersionDate "2023.05.31"]
[SourceQuality "1"]

1. e4 g6 2. d4 Bg7 3. Be3 d6 4. Qd2 a6 5. Nc3 b5 6. f3 Bb7 7. Bd3 Nd7 8. Nge2 Rc8 9. 0-0 c5 10. dxc5 dxc5 11. Ng3 Ngf6 12. Rad1 Qb6 13. Qf2 Qc7 14. Be2 0-0 15. Rfe1 b4 16. Nb1 c4 17. Bd4 Ne5 18. c3 b3 19. axb3 cxb3 20. Nd2 Nc6 21. Bb6 Qe5 22. Nxb3 e6 23. Nd4 Nxd4 24. Bxd4 Qc7 25. Ra1 Ra8 26. Qf1 e5 27. Be3 a5 28. Bb5 Ba6 29. Bxa6 Rfb8 30. Reb1 Nd7 31. Bb5 Nb6 32. c4 Nd7 33. Rd1 Nc5 34. Rd5 Nb3 35. Rad1 a4 36. Rd7 Qc8 37. Qd3 Rxb5 38. cxb5 Rb8 39. Rd8+ Qxd8 40. Qxd8+ Rxd8 41. Rxd8+ Bf8 42. Bh6 1-0